| 000 | 00448nam a22001577u 4500 | ||
|---|---|---|---|
| 008 | 130405s2006 xxu||||| |||| 00| 0 fre d | ||
| 020 | _a2204082422 | ||
| 041 | _afre | ||
| 100 | 1 |
_aDelorme, Jean _910467 |
|
| 245 | 0 | 0 |
_aParole et récit évangéliques _b:Études sur l'évangile de Marc _cJean Delorme |
| 260 |
_aParís: _bDu Cerf, _c2006 |
||
| 300 |
_a326 p. _c;21 cm. |
||
| 630 | 0 | 4 |
_aBiblia _pN.T. _pEvangelios _913405 |
| 942 | _cBK | ||
| 001 | 79351 | ||
| 999 |
_c234408 _d234408 |
||